00557nam a22001217a 4500008004100000020001500041050002800056245024000084260004100324300002300365440003000388800001700418140813b xxu||||| |||| 00| 0 eng d a0406094268 aKD276.3.L39(1894 vol.3) aThe Law Reports(1894 vol.3): Of the incorporated council of Law reporting. Supreme court of judicature. Cases determined in the Chancery division and in Lunacy and on appeal therefrom in the court of appeal. /cEdited by G. W. Hemming. aLondon:bButterworth &co ltd,c1894. aXii, 727p.:c24cm. pChancery Divison.vVol. 3 aHemming G. W